| 000 | 00773cab a2200253 4500 | ||
|---|---|---|---|
| 001 | X98177 | ||
| 008 | 090401t1999 xxu||||| |||| 00| 0 eng d | ||
| 035 | _a(Sirsi) u92883 | ||
| 041 | _aeng | ||
| 245 | _aR v Kennet DC ex parte Somerfield Property Company Ltd and Somerfield Stores Ltd | ||
| 260 | _c1999 | ||
| 350 | _a0 | ||
| 490 |
_aJournal of Planning and Environment Law _vApril 1999, 361-371(11) |
||
| 650 | _aABATEMENT NOTICE | ||
| 650 | _aENVIRONMENTAL CONTROLS | ||
| 650 | _aENVIRONMENTAL PROTECTION ACT 1990 | ||
| 650 | _aNOISE | ||
| 650 | _aNUISANCE | ||
| 650 | _aPLANNING CONTROLS | ||
| 650 | _aR V KENNET DC EX P SOMERFIELD PROPERTY COMPANY LTD AND ANOTHER | ||
| 690 | _aPLANNING LAW AND PRACTICE-CASE LAW | ||
| 942 | _n0 | ||
| 948 | _c21/04/1999 | ||
| 999 |
_c58873 _d58873 |
||